Aristotle's modal syllogisms /
Guardado en:
| Autor Principal: | |
|---|---|
| Formato: | Libro |
| Idioma: | English |
| Publicado: |
Amsterdam :
North-Holland,
1963.
|
| Series: | Studies in logic and the foundations of mathematics
|
| Materias: | |
| Etiquetas: |
Agregar Etiqueta
Sin Etiquetas, Sea el primero en etiquetar este registro!
|
| LEADER | 00727cam a22002295a 4500 | ||
|---|---|---|---|
| 001 | MAT.inmabb004468 | ||
| 008 | 840508s1963####ne#######b####001#0#eng## | ||
| 005 | 20160526170834.0 | ||
| 245 | 1 | 0 | |a Aristotle's modal syllogisms / |c Storrs McCall. |
| 260 | |a Amsterdam : |b North-Holland, |c 1963. | ||
| 300 | |a viii, 100 p. ; |c 22 cm. | ||
| 440 | 0 | |a Studies in logic and the foundations of mathematics | |
| 504 | |a Incluye referencias bibliográficas. | ||
| 510 | 4 | |a MR, |c 27 #5674 | |
| 100 | 1 | |a McCall, Storrs. | |
| 650 | 0 | |a Syllogism. | |
| 650 | 0 | |a Modality (Logic) | |
| 600 | 0 | 0 | |a Aristóteles. |
| 084 | |a 03Bxx (01A20 03-03 03B45) |2 msc2000 | ||
| 010 | |a 64003130 | ||
| 040 | |a DLC/ICU |c ICU |d DLC | ||
| 859 | |h 03 |i M478 |p A-2736 |b BIB. MATEMATICA | ||
